Escenari secret : Vallromanes 24/11/2018 Vallromanes 24/11/2018
Descripción Física:
1 tríptic ; il. col. ; 21 cm.
Materias:
Espectacles i passatemps -- Vallromanes (Catalunya)
; Teatre -- Vallromanes (Catalunya)
; Música -- Vallromanes (Catalunya)
Idioma:
Catalán
MARC
| LEADER | 00000nam a22000007a 4500 | ||
|---|---|---|---|
| 001 | 27822 | ||
| 003 | Arxiu | ||
| 005 | 20260324181515.0 | ||
| 008 | 230509b spa||||| |||| 00| 0 cat d | ||
| 017 | |a B 28332-2018 | ||
| 040 | |a agdb |b cat | ||
| 245 | |a Escenari secret : |b Vallromanes 24/11/2018 | ||
| 260 | |a Barcelona : |b Diputació de Barcelona ; |c 2018 | ||
| 300 | |a 1 tríptic ; |b il. col. ; |c 21 cm. | ||
| 650 | 0 | |2 Arxiu |a Espectacles i passatemps |z Vallromanes (Catalunya) | |
| 650 | 0 | |2 Arxiu |a Teatre |z Vallromanes (Catalunya) | |
| 650 | 0 | |2 Arxiu |a Música |z Vallromanes (Catalunya) | |
| 710 | 1 | |9 52669 |a Barcelona (Catalunya : Província). |b Oficina de Difusió Artística | |
| 710 | |9 56348 |a Vallromanes (Catalunya). |b Ajuntament | ||
| 942 | |2 udc |c ARXIU |n 1 | ||
| 952 | |0 0 |1 0 |2 udc |4 0 |6 FU7563 |7 1 |9 66283 |a Arxiu |b Arxiu |d 2023-05-09 |l 0 |o FU-75-63 |p 27822 |r 2023-05-09 00:00:00 |w 2023-05-09 |y ARXIU | ||
| 999 | |c 83419 |d 83419 | ||